000 00509nam a2200181Ia 4500
003 0100
008 130227s9999 xx 000 0 und d
040 _cARRUPELIB
050 _aBS2485.G73 1986
100 _aGrassi, Joseph A.
_941
245 _aMary Magdalene and the Women in Jesus' Life
260 _aKansas City
260 _bSheed and Ward
300 _avi
300 _b 158p. 22cm.
856 _fRisk Management e-Book
_uhttp://10.12.40.136:8888/jspui/handle/123456789/3
942 _2lcc
_cMONOGRAPH
999 _c7227
_d7227